000
00205nam a2200097Ia 4500
999
_c
7291
_d
7291
100
_a
MeGovern, Kieran
245
0
_a
Stories from Greek Tragedies
260
_a
USA
_b
Oxford
_c
1994
300
_a
105
942
_c
BK